01964nam a22001817a 4500003000500000082001400005100002900019245010500048264003400153300001300187505137600200650001701576690002001593700004001613942001301653999001901666952009701685NUST a005.8,SHA aShafiq, Hasnain 9113122 aAnalysis of Issues and Challenges in Establishing and Operating CSIRTs in Pakistan /cHasnain Shafiq aRawalpindi bMCS, NUST c2023 axi, 89 p aCSIRT is a group of skilled people who have core knowledge of information security and cyber security incidents. CSIRT team prepares for and responds to the computer security incidents. Almost all organizations take their online security soberly and thus acquire services from CSIRT to control their level of online security. Every CSIRT assists their constituency when a security incident happens and proposes solutions and remediation methodologies to protect them in future. The establishment of CSIRT isn’t an easy task to be developed by anyone, the detailed and hard activity requires expert people who specializes in this domain, understand the pros and cons for needed methodologies and processes. This research study describes the establishment of CSIRT and also the issues and challenges that people face while establishing CSIRT. Moreover, the concepts, methodologies, needs and limitations of existing techniques that people of developing countries have experienced are discussed. This research has highlighted CSIRT high level policies, Pakistan’s cyber-crime law and presented the results of structured literature review investigating the business requirements for establishing a CSIRT. A survey has been conducted for CSIRT need and importance to achieve and understand the security posture of organizations working in the absence of CSIRT in Pakistan. aMSIS9113123 aMSIS-199113124 aSupervisor Dr. Imran Rashid9113125 2ddccTHE c594944d594944 00104070aMCSbMCScTHEd2023-06-13l0o005.8,SHApMCSTIS-371r2023-06-13w2023-06-13yTHE